[Event "30th Elekes Mem GM"]
[Site "Budapest HUN"]
[Date "2005.05.26"]
[Round "6"]
[White "Nguyen Ngoc Truongson"]
[Black "Fogarasi,T"]
[Result "1/2-1/2"]
[WhiteElo "2527"]
[BlackElo "2462"]

1.d4 Nf6 2.Bg5 e6 3.e4 h6 4.Bxf6 Qxf6 5.Nc3 Bb4 6.e5 Qd8 7.Qd3 d5 8.a3 Be7
9.f4 c5 10.dxc5 Bxc5 11.Nf3 a6 12.b4 Ba7 13.Ne2 Nc6 14.c3 Bd7 15.Ned4 Nxd4
16.cxd4 Bb5 17.Qd2 Bxf1 18.Rxf1 Rc8 19.Kf2 Rc4 20.Kg1 O-O 21.Rad1 Qc7 22.f5 f6
23.exf6 Rxf6 24.fxe6 Rxe6 25.Kh1 Re4 26.Qf2 Qf4 27.Qa2 Qc7 28.Qf2 Qf4 29.Qa2 Qc7
30.Qf2  1/2-1/2

[Event "69th ch-BUL"]
[Site "Pleven BUL"]
[Date "2005.06.01"]
[Round "11"]
[White "Raev,R"]
[Black "Ninov,N"]
[Result "0-1"]
[WhiteElo "2338"]
[BlackElo "2486"]

1.d4 Nf6 2.Bg5 e6 3.e4 h6 4.Bxf6 Qxf6 5.c3 d6 6.Bd3 e5 7.Ne2 Nc6 8.O-O Bg4
9.d5 Nb8 10.f3 Bc8 11.Nd2 Nd7 12.f4 Qd8 13.Nc4 c6 14.Kh1 cxd5 15.exd5 b5
16.Nd2 a6 17.Ne4 Be7 18.N2g3 exf4 19.Rxf4 Ne5 20.Bc2 O-O 21.Nf5 Bxf5 22.Rxf5 g6
23.Rf1 f5 24.Nd2 Ng4 25.Qe2 Bg5 26.Nb3 Re8 27.Qd3 Re3 28.Qd1 Bf6 29.Rf4 h5
30.h3 Be5 31.Rf3 Qh4 32.Kg1 Bh2+ 33.Kf1 Bg3 34.Rxg3 Rxg3  0-1

[Event "Open"]
[Site "Voronezh RUS"]
[Date "2005.06.18"]
[Round "6"]
[White "Lahiri,A"]
[Black "Sambuev,B"]
[Result "0-1"]
[WhiteElo "2355"]
[BlackElo "2505"]

1.d4 Nf6 2.Bg5 e6 3.e4 c5 4.e5 h6 5.Bh4 Qa5+ 6.Qd2 Qxd2+ 7.Nxd2 Nd5 8.dxc5 Nc6
9.Ngf3 Bxc5 10.Ne4 Be7 11.Bxe7 Kxe7 12.O-O-O f6 13.c4 Nc7 14.exf6+ gxf6 15.Nd6 Ne8
16.c5 b6 17.Bb5 bxc5 18.Bxc6 dxc6 19.Ne4 Rg8 20.Nxc5 e5 21.g3 Nd6 22.Rhe1 Bg4
23.Rd3 Bxf3 24.Rxf3 Rg4 25.Rf4 h5 26.f3 Rxf4 27.gxf4 Nf7 28.fxe5 fxe5 29.f4 Rd8
30.Kc2 Rd4 31.Nd3 e4 32.Nf2 Nd6 33.Nd1 Kf6 34.Ne3 Nf5 35.Nf1 h4 36.b3 Nd6
37.Ne3 Rd3 38.Re2 Nb5 39.Re1 Nd4+ 40.Kc1 Ne6 41.f5 Ng5  0-1

[Event "White Nights"]
[Site "St Petersburg RUS"]
[Date "2005.06.22"]
[Round "5"]
[White "Krasnov,Vas"]
[Black "Kosarev,D"]
[Result "1/2-1/2"]
[WhiteElo "2208"]
[BlackElo "2145"]

1.d4 Nf6 2.Bg5 e6 3.Nf3 h6 4.Bh4 c5 5.e3 Be7 6.Nbd2 b6 7.c3 Bb7 8.a4 a6 9.Bg3 d6
10.Bd3 cxd4 11.exd4 Nh5 12.O-O Nxg3 13.hxg3 Nd7 14.Qe2 Nf6 15.Rfe1 O-O 16.Rad1 Re8
17.Nc4 Nd7 18.Ne3 Nf6 19.Nc2 Qc8 20.Nb4 Nd5 21.Rc1 Nxb4 22.cxb4 Qd7 23.b5 a5
24.Be4 Rac8 25.Bc6 Rxc6 26.bxc6 Bxc6 27.b3 Bf6 28.Qd3 Qb7 29.Rc3 e5 30.dxe5 dxe5
31.Qc2 Bd5 32.Rc1 Be6 33.Rc7 Qd5 34.Qc6 Qxc6 35.R7xc6 Bxb3 36.Rxb6 Bxa4 37.Ra1 Bd7
38.Rd6 Be6 39.Rxa5 Be7 40.Rda6 Bc8 41.Ra8 f6 42.Nh4 Bd7 43.R8a7 Bb4 44.Rxd7 Bxa5
45.Nf5 g6 46.Rg7+ Kf8 47.Rxg6 Kf7 48.Rxh6 Rb8 49.g4 Rb4 50.Rh7+ Kf8 51.Ne3 Rb1+
52.Kh2 Be1 53.f3 Bd2 54.Nd5 Bg5 55.Rc7 Rd1 56.Nc3 Rc1 57.g3 Rc2+ 58.Kh3 Rf2
59.f4 exf4 60.Ne4 Rf3 61.Kg2 Re3 62.Rc4 fxg3 63.Nxg3 Ra3 64.Ne4 Kf7 65.Nd6+ Ke6
66.Nf5 Ke5 67.Ng3 Ra2+ 68.Kf3 Ra3+ 69.Kg2 Ra2+ 70.Kf1 Ra1+ 71.Ke2 Ra2+ 72.Kf3 Ra3+
73.Kg2 Ra2+  1/2-1/2

[Event "6th EICC"]
[Site "Warsaw POL"]
[Date "2005.06.23"]
[Round "6"]
[White "Anastasian,A"]
[Black "Pavlovic,Mi"]
[Result "0-1"]
[WhiteElo "2574"]
[BlackElo "2475"]

1.d4 Nf6 2.Bg5 e6 3.e4 h6 4.Bxf6 Qxf6 5.Nc3 Bb4 6.Qd2 d6 7.Nf3 O-O 8.a3 Ba5
9.e5 Qe7 10.Bd3 Nd7 11.b4 Bb6 12.O-O dxe5 13.dxe5 c5 14.Ne4 Bc7 15.Qc3 b6
16.Ned2 Rb8 17.Rfe1 b5 18.Be4 Rd8 19.Nb3 c4 20.Nc1 Nb6 21.Ne2 Nd5 22.Qb2 Bb7
23.Rad1 Bc6 24.Nc3 Nxc3 25.Rxd8+ Rxd8 26.Qxc3 Bxe4 27.Rxe4 Rd1+ 28.Re1 Qd7
29.Kf1 Qd5 30.Ke2 Rxe1+ 31.Kxe1 g5 32.h3 Kf8 33.g4 Ke7 34.Kf1 Qd1+ 35.Kg2 Kd7
36.Ng1 Kc6 37.Qf3+ Qxf3+ 38.Kxf3 Kd5 39.c3 Kxe5 40.Ne2 f5 41.Ng3 a6 42.Ne2 f4
43.Ng1 Kd5 44.Ke2 e5 45.Ke1 e4 46.Ne2 Bd8 47.Kd2 f3 48.Nd4 Bb6  0-1

[Event "2nd RUS Pupils Summer Boys"]
[Site "Satka RUS"]
[Date "2005.06.27"]
[Round "1"]
[White "Moskalenko,A"]
[Black "Rakhmanov,A"]
[Result "1/2-1/2"]
[WhiteElo "2355"]
[BlackElo "2237"]

1.d4 Nf6 2.Bg5 e6 3.e4 h6 4.Bxf6 Qxf6 5.c3 d6 6.Bd3 e5 7.Ne2 c6 8.O-O Qd8
9.f4 Be7 10.fxe5 dxe5 11.Bc4 O-O 12.Nd2 Bg4 13.Nf3 Nd7 14.Kh1 c5 15.Nxe5 Nxe5
16.dxe5 Qc7 17.h3 Be6 18.Bxe6 fxe6 19.Nf4 Qxe5 20.Qg4 Bd6 21.Qxe6+ Qxe6 22.Nxe6 Rxf1+
23.Rxf1  1/2-1/2

[Event "6th EICC"]
[Site "Warsaw POL"]
[Date "2005.06.28"]
[Round "10"]
[White "Cao Sang"]
[Black "Alekseev,Evgeny"]
[Result "1/2-1/2"]
[WhiteElo "2488"]
[BlackElo "2597"]

1.d4 Nf6 2.Bg5 e6 3.e4 h6 4.Bxf6 Qxf6 5.Nc3 Bb4 6.Nf3 d6 7.Qd3 O-O 8.O-O-O Nd7
9.Kb1 c6 10.a3 Ba5 11.h4 e5 12.Ne2 exd4 13.Qxd4 Qxd4 14.Nfxd4 Ne5 15.f3 Rd8
16.Nf4 Kf8 17.Be2 Bd7 18.g4 Ng6 19.Nh5 Ne5 20.Nf4 Ng6 21.Nh5 Ne5 22.Nf4  1/2-1/2

[Event "6th EICC"]
[Site "Warsaw POL"]
[Date "2005.06.30"]
[Round "12"]
[White "Guseinov,El"]
[Black "Erturan,Y"]
[Result "1-0"]
[WhiteElo "2391"]
[BlackElo "2277"]

1.d4 Nf6 2.Bg5 e6 3.e4 h6 4.Bxf6 Qxf6 5.Nc3 Bb4 6.Ne2 d6 7.Qd3 O-O 8.f4 c5
9.dxc5 Bxc5 10.O-O-O Nc6 11.Kb1 b5 12.e5 Qd8 13.exd6 Bd7 14.Ng3 Nb4 15.Qd2 Qb6
16.Nce4 Nd5 17.Nxc5 Qxc5 18.Ne4 Qb6 19.Bd3 f5 20.Ng3 Rac8 21.Ne2 b4 22.Ka1 a5
23.Rc1 Qxd6 24.g4 fxg4 25.Rcg1 e5 26.Be4 exf4 27.c4 Rxc4 28.Bxd5+ Kh8 29.Rd1 Rc7
30.Rhf1 Ba4 31.Nxf4 Rxf4 32.Rxf4 Bxd1 33.Be4 Qe7 34.Qxd1 Rc4 35.Qd5 Rc1+
36.Bb1 Rxb1+ 37.Kxb1 Qe1+ 38.Kc2  1-0

[Event "LXVIII ch-CRC"]
[Site "San Jose Julio CRC"]
[Date "2005.07.02"]
[Round "1"]
[White "Hernandez Basante,F"]
[Black "Murillo,Alex"]
[Result "1-0"]
[WhiteElo "2265"]
[BlackElo "2362"]

1.d4 Nf6 2.Bg5 e6 3.Nf3 d5 4.e3 c5 5.Nbd2 Nc6 6.c3 h6 7.Bh4 cxd4 8.exd4 Bd6
9.Bd3 Bd7 10.Qe2 Qc7 11.Bg3 Bxg3 12.hxg3 O-O-O 13.Ne5 Nxe5 14.dxe5 Ng8 15.O-O-O Ne7
16.Kb1 Kb8 17.f4 Ka8 18.Nf3 b5 19.Nd4 Rb8 20.Bxb5 Rb6 21.Bxd7 Qxd7 22.g4 Rhb8
23.b3 Nc6 24.Nxc6 Qxc6 25.Qb2 Rb5 26.f5 Rc5 27.Rh3 Rc8 28.Rdd3 exf5 29.gxf5 d4
30.Rxd4 Rxe5 31.Qf2 Rce8 32.Qf3 Qxf3 33.Rxf3 Re2 34.Rfd3 Rxg2 35.Rd8+ Rxd8
36.Rxd8+ Kb7 37.Rd7+ Kc6 38.Rxf7 h5 39.f6 g6 40.Rxa7 Kd5 41.f7 Rf2 42.Ra6 Rxf7
43.Rxg6 Ke4 44.Rh6 Rf1+ 45.Kb2 Rf2+ 46.Ka3 Rh2 47.Kb4 Kd3 48.a4 Rh4+ 49.c4 Kc2
50.a5 Rh3 51.a6 Rxb3+ 52.Kc5  1-0

[Event "Open"]
[Site "Barbera del Valles ESP"]
[Date "2005.07.07"]
[Round "4"]
[White "Vilela,JL"]
[Black "Del Rio Angelis,S"]
[Result "1/2-1/2"]
[WhiteElo "2394"]
[BlackElo "2470"]

1.d4 Nf6 2.Bg5 e6 3.Nf3 h6 4.Bh4 g5 5.Bg3 d6 6.e3 Nh5 7.Nbd2 Bg7 8.c3 Nc6
9.Bd3 Bd7 10.Qb3 b6 11.Qc2 Qe7 12.O-O-O  1/2-1/2

[Event "Australian Masters"]
[Site "Melbourne AUS"]
[Date "2005.07.08"]
[Round "9"]
[White "Froehlich,P"]
[Black "Rujevic,M"]
[Result "1-0"]
[WhiteElo "2367"]
[BlackElo "2268"]

1.d4 Nf6 2.Bg5 e6 3.Nf3 c5 4.e3 b6 5.d5 exd5 6.Nc3 d4 7.exd4 Be7 8.dxc5 O-O
9.Bc4 Ba6 10.Qd3 Bxc4 11.Qxc4 bxc5 12.O-O-O Nc6 13.Bxf6 Bxf6 14.Nd5 Rb8 15.c3 d6
16.Rhe1 Rc8 17.Qf4 Be5 18.Qa4 Kh8 19.g3 g6 20.Nd2 Qa5 21.Qxa5 Nxa5 22.f4 Bg7
23.Re2 Rfe8 24.Rde1 Rxe2 25.Rxe2 Bf8 26.b3 Kg7 27.Kb2 f5 28.Ka3 Kf7 29.Ka4 Nc6
30.Kb5 Ne7 31.Nxe7 Bxe7 32.Kc4 Bf6 33.Kd5 Bxc3 34.Nc4 Kf8 35.Nxd6 Rd8 36.Kxc5 Bf6
37.Kc6 Bd4 38.b4 Rb8 39.b5 Rb6+ 40.Kd5 Bf6 41.Re6 Bc3 42.Re8+ Kg7 43.Re7+ Kh6
44.Rxa7 Bb4 45.Ra6 Rb8 46.Nxf5+ Kh5 47.Nd4 Be1 48.a4 Bf2 49.Nc6 Rb7 50.Kc4 Kg4
51.a5 Rc7 52.Kd5 Rd7+ 53.Ke6 Rd1 54.b6 Re1+ 55.Kd5 Rb1 56.Ra7 h5 57.Rg7 Bxb6
58.Rxg6+ Kh3 59.axb6 Rxb6  1-0

[Event "34th TCh-GRE"]
[Site "Ermioni Argolidas GRE"]
[Date "2005.07.09"]
[Round "7"]
[White "Karayannis,A"]
[Black "Darmarakis,M"]
[Result "1-0"]
[WhiteElo "2387"]
[BlackElo "2174"]

1.d4 Nf6 2.Bg5 e6 3.e4 c5 4.e5 h6 5.Bc1 Nh7 6.d5 exd5 7.Qxd5 Be7 8.Nc3 Nc6
9.Be3 O-O 10.O-O-O Qa5 11.Bd3 Nb4 12.Bxh7+ Kxh7 13.Qe4+ g6 14.a3 d5 15.exd6 Bf6
16.axb4 cxb4 17.Nd5 Bxb2+ 18.Kxb2 Qa3+ 19.Kb1 b3 20.d7 Bxd7 21.Nf6+ Kh8 22.Nxd7 Rac8
23.Bc5 Qa2+ 24.Kc1 b2+ 25.Kd2 Rfd8 26.Bd4+ Kh7 27.Nf6+ Kh8 28.Nf3 Qa5+ 29.Ke3 Rc6
30.Qh4 Re6+ 31.Ne4+ Kg8 32.Qxh6 Rxd4 33.Rxd4 Qc3+ 34.Kf4 Qc7+ 35.Kg4 Qc8
36.Kh4 g5+ 37.Qxg5+  1-0

[Event "FSGM July"]
[Site "Budapest HUN"]
[Date "2005.07.10"]
[Round "9"]
[White "Chernyshov,K"]
[Black "Thorfinnsson,Br"]
[Result "1-0"]
[WhiteElo "2548"]
[BlackElo "2328"]

1.d4 Nf6 2.Bg5 e6 3.e4 h6 4.Bxf6 Qxf6 5.Nf3 d6 6.Nc3 g5 7.e5 Qe7 8.h3 Bg7
9.Qe2 a6 10.O-O-O d5 11.Qe3 b5 12.Ne2 Nd7 13.Ng3 c5 14.Nh5 Rg8 15.Nxg7+ Rxg7
16.h4 Rg8 17.hxg5 hxg5 18.g4 Bb7 19.Rh5 O-O-O 20.Rxg5 Rh8 21.Be2 cxd4 22.Rxd4 Rh1+
23.Bd1 Rdh8 24.Nd2 f6 25.exf6 Qxf6 26.f4 R8h3 27.Nf3 Rf1 28.Qc3+ Kb8 29.Ne5 Rh7
30.Rg8+ Nf8 31.Qb4  1-0

[Event "Open"]
[Site "Condom FRA"]
[Date "2005.07.10"]
[Round "2"]
[White "Saada,J"]
[Black "Tholey,J"]
[Result "1-0"]
[WhiteElo "2257"]
[BlackElo "2020"]

1.d4 Nf6 2.Bg5 e6 3.e4 Be7 4.Nd2 d5 5.e5 Nfd7 6.Bxe7 Qxe7 7.f4 c5 8.Ngf3 Nc6
9.Bd3 Nxd4 10.Nxd4 cxd4 11.O-O O-O 12.Nf3 f6 13.Qe1 fxe5 14.fxe5 Nc5 15.Qb4 Bd7
16.Rf2 Rae8 17.Qxd4 Nxd3 18.cxd3 b6 19.Rc1 Rc8 20.Rfc2 Rxc2 21.Rxc2 Rc8 22.Rxc8+ Bxc8
23.b4 Qc7 24.h3 h6 25.a4 Bd7 26.b5 a6 27.bxa6 Qa7 28.a5 Qxa6 29.Qxb6 Bb5
30.Qxa6 Bxa6 31.d4 Kf7 32.Nd2  1-0

[Event "Open"]
[Site "Barbera del Valles ESP"]
[Date "2005.07.12"]
[Round "9"]
[White "Asensio Linan,T"]
[Black "Vehi Bach,V"]
[Result "0-1"]
[WhiteElo "2228"]
[BlackElo "2404"]

1.d4 Nf6 2.Bg5 e6 3.e4 h6 4.Bxf6 Qxf6 5.Nc3 Bb4 6.a3 Bxc3+ 7.bxc3 d6 8.Qd2 e5
9.Rb1 O-O 10.Ne2 Re8 11.Ng3 Nd7 12.Be2 Nf8 13.O-O Ng6 14.Nh5 Qg5 15.Qd3 c6
16.g3 Bg4 17.Qd1 Bh3 18.Re1 b6 19.d5 cxd5 20.Qxd5 Rac8 21.f4 exf4 22.Qd4 Qc5
23.Bb5 Qxh5  0-1

[Event "ITT"]
[Site "San Bernardo ARG"]
[Date "2005.07.12"]
[Round "9"]
[White "Rodi,L"]
[Black "Lopez Gonzalez,D"]
[Result "1-0"]
[WhiteElo "2242"]
[BlackElo "2225"]

1.d4 Nf6 2.Bg5 e6 3.e4 h6 4.Bxf6 Qxf6 5.c3 d6 6.Bd3 g6 7.Ne2 Bg7 8.O-O O-O
9.f4 c5 10.e5 Qe7 11.Nd2 d5 12.Nf3 b6 13.g4 Ba6 14.f5 gxf5 15.gxf5 f6 16.Bxa6 Nxa6
17.Nf4 fxe5 18.Ng6 Qc7 19.Nxf8 Rxf8 20.Qe2 Nb8 21.Nxe5 exf5 22.Qg2 Qd6 23.Kh1 Kh7
24.Rg1 Rg8 25.Qf3 Qe6 26.Rg6  1-0

[Event "Politiken Cup"]
[Site "Copenhagen DEN"]
[Date "2005.07.18"]
[Round "4"]
[White "Hvenekilde,J"]
[Black "Henrichsen,J"]
[Result "1/2-1/2"]
[WhiteElo "2227"]
[BlackElo "2075"]

1.d4 Nf6 2.Bg5 e6 3.e4 h6 4.Bxf6 Qxf6 5.Nf3 b6 6.Bd3 Bb7 7.O-O g6 8.Nc3 Bg7
9.Qd2 O-O 10.e5 Qe7 11.Ne4 d5 12.Nf6+ Bxf6 13.exf6 Qxf6 14.Qxh6 c5 15.c3 Ba6
16.Rad1 Bxd3 17.Rxd3 Nc6 18.Re1 cxd4 19.cxd4 Nb4 20.Rb3 Nc6 21.Ne5 Nxe5 22.dxe5 Qg7
23.Qe3 Rfc8 24.Rc3 Qf8 25.Rec1 Qd8 26.Qd4 Rxc3 27.Qxc3  1/2-1/2

[Event "ITT"]
[Site "Vicente Lopez ARG"]
[Date "2005.07.19"]
[Round "6"]
[White "Granara Barreto,S"]
[Black "Lopez Gonzalez,D"]
[Result "1-0"]
[WhiteElo "2223"]
[BlackElo "2225"]

1.d4 Nf6 2.Bg5 e6 3.e4 h6 4.Bxf6 Qxf6 5.c3 d6 6.Bd3 Qd8 7.Ne2 Be7 8.O-O O-O
9.f4 d5 10.e5 c5 11.Bc2 Nd7 12.Qd3 f5 13.exf6 Nxf6 14.Ng3 Bd6 15.dxc5 Bxc5+
16.Kh1 Qe8 17.Nd2 Bd7 18.a4 Bd6 19.b3 a5 20.Rae1 Qf7 21.Nde4 Bc7 22.Ng5 hxg5
23.fxg5 Qe7 24.gxf6 gxf6 25.Qg6+ Qg7 26.Qxg7+ Kxg7 27.Nh5+ Kh8 28.Nxf6 Rad8
29.Bd3 Bc8 30.g4 e5 31.Nxd5 Rxf1+ 32.Rxf1 Bxg4 33.Be4 Bb8 34.Rf7 Be6 35.Rh7+ Kg8
36.Ne7+  1-0

[Event "Politiken Cup"]
[Site "Copenhagen DEN"]
[Date "2005.07.21"]
[Round "7"]
[White "Erichsen,D"]
[Black "Pedersen,Ch"]
[Result "0-1"]
[WhiteElo "2167"]
[BlackElo "2364"]

1.d4 Nf6 2.Bg5 e6 3.e4 h6 4.Bxf6 Qxf6 5.Nc3 d6 6.Qd2 Nc6 7.O-O-O g5 8.d5 Ne5
9.Nb5 Qd8 10.h4 a6 11.Nd4 Bg7 12.hxg5 hxg5 13.Rxh8+ Bxh8 14.dxe6 Bxe6 15.Nxe6 fxe6
16.Be2 Qf6 17.Bh5+ Kd7 18.c3 Nc4 19.Qe2 b5 20.Kb1 Rg8 21.Nf3 g4 22.Nd4 Ne5
23.f3 gxf3 24.Bxf3 Rb8 25.a3 Bg7 26.Bg4 Nxg4 27.Qxg4 Re8 28.Qe2 Qg6 29.Nxb5 axb5
30.Qxb5+ Ke7 31.Qb7 Rd8 32.Qxc7+ Rd7 33.Qc4 Qxg2 34.Re1 Rb7 35.Re2 Qf1+ 36.Ka2 Be5
37.a4 Ra7 38.Kb3 Qd1+ 39.Ka3 Qa1+ 40.Kb3 Qd1+ 41.Ka3 Rxa4+ 42.Qxa4 Qxe2 43.Qa7+ Kf6
44.Qh7 Qa6+ 45.Kb3 Qb5+ 46.Kc2 Qa4+ 47.Kb1 Qc4 48.Qh4+ Kf7 49.Qh5+ Ke7 50.Qf3 Qb3
51.Qd3 Kd7 52.Kc1 Kc7 53.Kb1 Kb6 54.Qe3+ Kb5 55.Qa7 Qd1+ 56.Ka2 Qa4+ 57.Qxa4+ Kxa4
58.b3+ Kb5 59.Kb2 Bg3 60.Kc2 Be1 61.Kd3 Kc5 62.Kc2 d5 63.exd5 Kxd5 64.Kd3 e5
65.c4+ Kc5 66.Ke3 Bb4 67.Kd3 Kd6 68.Ke3 Ke7 69.Kd3 Kf6 70.Ke4 Ke6 71.Kf3 Kf5
72.Ke3 Bc5+ 73.Kf3 e4+ 74.Kg3 Ke5  0-1

[Event "Politiken Cup"]
[Site "Copenhagen DEN"]
[Date "2005.07.22"]
[Round "8"]
[White "Brondum,E"]
[Black "Bjornsson,Sv"]
[Result "1/2-1/2"]
[WhiteElo "2200"]
[BlackElo "2054"]

1.d4 Nf6 2.Bg5 e6 3.e3 h6 4.Bh4 b6 5.Nc3 Bb7 6.a3 d5 7.Nf3 Be7 8.g4 Nbd7
9.h3 a6 10.Bg2 c5 11.Bg3 Rc8 12.Ne5 Nxe5 13.dxe5 Nd7 14.O-O Bh4 15.Bh2 O-O
16.f4 b5 17.Ne2 Nb6 18.b3 Qd7 19.Qd2 f6 20.exf6 Bxf6 21.Rad1 Rfd8 22.Ng3  1/2-1/2

[Event "Open A"]
[Site "Pardubice CZE"]
[Date "2005.07.24"]
[Round "3"]
[White "Monroy,C"]
[Black "Kunz,K"]
[Result "1-0"]
[WhiteElo "2328"]
[BlackElo "2233"]

1.d4 Nf6 2.Bg5 e6 3.Nd2 c5 4.e3 cxd4 5.exd4 Be7 6.Ngf3 d6 7.Bd3 Nbd7 8.O-O O-O
9.Qe2 a6 10.Rfe1 Re8 11.c4 b6 12.Nf1 Bb7 13.Ng3 Qc7 14.Rac1 Qb8 15.Bb1 Bc6
16.Qd3 g6 17.Nh4 Qb7 18.f4 d5 19.cxd5 Bxd5 20.f5 exf5 21.Ngxf5 Bf8 22.Nh6+ Bxh6
23.Bxh6 Re4 24.Nf3 Rxe1+ 25.Rxe1 Nf8 26.Bg5 Kg7 27.Ne5 Ng8 28.Ng4 Ne6 29.Bh4 Qc7
30.Bg3 Qc4 31.Qd2 f6 32.Ne3 Qc6 33.Nxd5 Rd8 34.Nc3 Nxd4 35.Qe3 Nf5 36.Bxf5  1-0

[Event "Open A"]
[Site "Pardubice CZE"]
[Date "2005.07.24"]
[Round "3"]
[White "Doric,D"]
[Black "Sprenger,J"]
[Result "1/2-1/2"]
[WhiteElo "2382"]
[BlackElo "2508"]

1.d4 Nf6 2.Bg5 e6 3.e4 h6 4.Bxf6 Qxf6 5.c3 d5 6.Bd3 c5 7.Nf3 Nc6 8.O-O dxe4
9.Bxe4 Be7 10.Bxc6+ bxc6 11.Ne5 O-O 12.Nxc6 Bd6 13.Nd2 Bb7 14.Na5 Ba6 15.Re1 cxd4
16.Ne4 Qe5 17.Nxd6 Qxd6 18.Qxd4 Qxd4 19.cxd4 Rfd8 20.Red1 Rac8 21.Rd2 Bc4
22.Nxc4 Rxc4 23.Rad1 a5 24.b3 Rc3 25.g4 Rd5 26.Kg2 a4 27.Rd3 Rc2 28.R1d2 axb3
29.axb3 Rc1 30.Re2 Rb5 31.Re5 Rb4 32.h3 Rb1 33.Ree3 g5 34.Kg3 Rg1+ 35.Kf3 Rb1
36.Ke4 Rf1 37.Kf3 Kg7 38.Kg2 Rb1 39.Rf3 Rb5 40.Rc3 Rb7  1/2-1/2

[Event "Open Dutch Championship"]
[Site "Dieren NED"]
[Date "2005.07.26"]
[Round "1"]
[White "Den Heeten,D"]
[Black "Turov,M"]
[Result "1/2-1/2"]
[WhiteElo "2192"]
[BlackElo "2527"]

1.d4 Nf6 2.Bg5 e6 3.Nd2 h6 4.Bh4 c5 5.e3 Nc6 6.c3 d6 7.Bd3 b6 8.Qe2 Qc7 9.f4 Be7
10.Ngf3 cxd4 11.exd4 Nd5 12.Bg3 g5 13.fxg5 hxg5 14.Ne4 g4 15.Nfg5 f5 16.Nxe6 Bxe6
17.Nxd6+ Bxd6 18.Qxe6+ Qe7 19.Qxe7+ Kxe7 20.Bxd6+ Kxd6 21.O-O Ne3 22.Rf2 Rh5
23.g3 Rah8 24.Re1 f4 25.Rxf4 Rxh2 26.Be4 Nd5 27.Rxg4 Nf6 28.Rg6 R2h6 29.Rxh6 Rxh6
30.Bf5 Nd5 31.Kg2 b5 32.g4 b4 33.cxb4 Nxd4 34.Be4 Re6 35.Kf2 Nxb4 36.g5 Ke7
37.a3 Na6 38.Bd5 Rxe1 39.Kxe1 Nc7 40.Be4 Nde6 41.g6 Kf6 42.Kd2 Ke5 43.Ke3 Nb5
44.Bb1 Nd6 45.Kd3 Nf4+ 46.Kc3 Nd5+ 47.Kb3 Kf6 48.Bd3 Nf4 49.Bb1 Nxg6 50.Bxg6 Kxg6
51.Kb4 Kf6 52.Ka5 Ke6 53.Ka6 Nc4  1/2-1/2

[Event "Open Dutch Championship"]
[Site "Dieren NED"]
[Date "2005.07.27"]
[Round "2"]
[White "Nijboer,F"]
[Black "De Jong,M"]
[Result "1-0"]
[WhiteElo "2529"]
[BlackElo "2299"]

1.d4 Nf6 2.Bg5 e6 3.e4 h6 4.Bxf6 Qxf6 5.Nc3 Bb4 6.Qd3 d5 7.a3 Bxc3+ 8.bxc3 Nd7
9.e5 Qe7 10.f4 Nb6 11.Qe3 Bd7 12.Nf3 c5 13.Bd3 Rc8 14.O-O cxd4 15.cxd4 Nc4
16.Qc1 Rc6 17.Ra2 Kd8 18.Nd2 Nxd2 19.Qxd2 Kc7 20.Rb1 Kb8 21.Qb4 Qxb4 22.axb4 Rb6
23.Ra5 g6 24.Kf2 a6 25.Rc5 Bb5 26.Bxb5 Rxb5 27.Ke3 h5 28.c3 Rc8 29.Rxb5 axb5
30.Rb3 Kc7 31.Ra3 Kb6 32.Kf3 Rg8 33.Ra2 g5 34.fxg5 Rxg5 35.Ke3 Kc6 36.Rf2 Rg7
37.g3 Kd7 38.Rf6 Rh7 39.Kf3 Ke7 40.Kg2 Rg7 41.Kh3 Rg4 42.Rf4 Rg8 43.Kh4 Rc8
44.Rf3 Rg8 45.Rf2 Rc8 46.Rc2 f6 47.exf6+ Kxf6 48.Kxh5 Kf5 49.g4+ Ke4 50.g5 Kd3
51.Rg2 Kxc3 52.g6 Kxd4 53.g7  1-0

[Event "Open A"]
[Site "Pardubice CZE"]
[Date "2005.07.27"]
[Round "6"]
[White "Richter,Mic"]
[Black "Monroy,C"]
[Result "1-0"]
[WhiteElo "2415"]
[BlackElo "2328"]

1.d4 Nf6 2.Bg5 e6 3.e3 c5 4.c3 Nc6 5.Nd2 d5 6.f4 h6 7.Bxf6 Qxf6 8.Nh3 Bd6
9.Bd3 cxd4 10.cxd4 Bd7 11.a3 g5 12.O-O g4 13.Qxg4 e5 14.Qh5 e4 15.Qxd5 Ne7
16.Qxb7 Rb8 17.Nxe4  1-0

[Event "Open"]
[Site "Nice FRA"]
[Date "2005.08.04"]
[Round "5"]
[White "Tkachiev,V"]
[Black "Dragojlovic,A"]
[Result "1-0"]
[WhiteElo "2625"]
[BlackElo "2320"]

1.d4 Nf6 2.Bg5 e6 3.e3 c5 4.Nd2 d5 5.c3 Nc6 6.Ngf3 Be7 7.Bd3 b6 8.O-O Bb7
9.Qe2 Qc7 10.Rad1 O-O 11.Bf4 Bd6 12.Bxd6 Qxd6 13.e4 dxe4 14.Nxe4 Nxe4 15.Qxe4 f5
16.Qe2 cxd4 17.Bc4 Kh8 18.Nxd4 Nxd4 19.Rxd4 Qc6 20.f3 Rf6 21.Qe5 Rg6 22.Be2 Qc5
23.Rd1 h6 24.Qxc5 bxc5 25.Rd8+ Kh7 26.Rxa8 Bxa8 27.Rd7 e5 28.Rxa7 Bd5 29.Re7 e4
30.Kf2 e3+ 31.Kxe3 Rxg2 32.Bd3 Rxb2 33.Bxf5+ Kg8 34.a4  1-0

[Event "4th Open"]
[Site "Davos SUI"]
[Date "2005.08.05"]
[Round "7"]
[White "Taylor,Mart"]
[Black "Kaminski,V"]
[Result "0-1"]
[WhiteElo "2316"]
[BlackElo "2098"]

1.d4 Nf6 2.Bg5 e6 3.e4 Be7 4.Nd2 d5 5.e5 Nfd7 6.Bxe7 Qxe7 7.c3 c5 8.Ngf3 b6
9.Bd3 Ba6 10.Bxa6 Nxa6 11.Qe2 Nc7 12.O-O Nb8 13.dxc5 Qxc5 14.Nd4 Nc6 15.N2b3 Nxd4
16.Nxd4 a6 17.Rae1 h5 18.Nb3 Qc6 19.Rd1 Rc8 20.Rd4 g6 21.Rfd1 b5 22.R1d3 Na8
23.Rf4 Nb6 24.Rdf3 Rh7 25.Qc2 Nc4 26.Nd4 Qd7 27.b3 Nxe5 28.Re3 Qd6 29.Rf6 Ke7
30.f4 Nf3+ 31.Nxf3 Kxf6 32.Qd2 Qc5 33.b4 Qb6 34.Qf2 Kg7 35.Ng5 Rhh8 36.Nf3 Rc4
37.Nd4 Rhc8 38.Qd2 a5 39.a3 axb4 40.axb4 Qa7 41.Kf2 Qa1 42.Ne2 Kg8 43.Qd3 Qb2
44.Rxe6 Rxf4+ 45.Ke1 Ra8 46.Rxg6+ Kf8 47.Nxf4 Ra1+  0-1

[Event "Open"]
[Site "Olomouc CZE"]
[Date "2005.08.10"]
[Round "8"]
[White "Karhanek,P"]
[Black "Gourlay,I"]
[Result "0-1"]
[WhiteElo "2220"]
[BlackElo "2361"]

1.d4 Nf6 2.Bg5 e6 3.e3 h6 4.Bh4 c5 5.c3 Be7 6.Nd2 b6 7.Bd3 Bb7 8.f3 cxd4
9.cxd4 Nd5 10.Bxe7 Qxe7 11.Kf2 O-O 12.a3 Nc6 13.Nh3 f5 14.Re1 Qh4+ 15.Kg1 Nxe3
16.Rxe3 Qxd4 17.Qe2 f4 18.Nxf4 Rxf4 19.Nb3 Qf6 20.Rd1 Nd4 21.Nxd4 Rxd4 22.Rc1 Rc8
23.Rxc8+ Bxc8 24.Be4 d5 25.Rc3 Ba6 26.Qxa6 Rd1+ 27.Kf2 Qh4+ 28.g3 Qxh2+  0-1

[Event "15th ch-SLO"]
[Site "Ptuj SLO"]
[Date "2005.08.12"]
[Round "1"]
[White "Spelec,D"]
[Black "Sakelsek,T"]
[Result "0-1"]
[WhiteElo "2066"]
[BlackElo "2390"]

1.d4 Nf6 2.Bg5 e6 3.e4 h6 4.Bxf6 Qxf6 5.Qd2 c5 6.c3 b6 7.e5 Qd8 8.d5 exd5
9.Qxd5 Nc6 10.Na3 Bb7 11.Nb5 Na5 12.Nd6+ Bxd6 13.Qxd6 Qe7 14.O-O-O Qxd6 15.Rxd6 Ke7
16.f4 Rhd8 17.Nf3 Bc6 18.Be2 Nb7 19.Rd2 d6 20.exd6+ Rxd6 21.Rxd6 Nxd6 22.Re1 Kf8
23.g3 f6 24.Nd2 Re8 25.Kd1 Bd5 26.a3 g5 27.Bd3 Rd8 28.Kc2 Kf7 29.Nf1 c4 30.Be2 Be4+
31.Kc1 b5 32.Bh5+ Kf8 33.Rd1 Bd3 34.Ne3 Ne4 35.Nf5 Nc5 36.b4 cxb3 37.Nd4 Bc4
38.fxg5 hxg5 39.Bg6 Rc8 40.h4 Na4 41.Kd2 Nxc3 42.Kxc3 Be2+  0-1

[Event "ch-ISL"]
[Site "Reykjavik ISL"]
[Date "2005.08.12"]
[Round "2"]
[White "Thorfinnsson,Bj"]
[Black "Johannesson,I"]
[Result "1-0"]
[WhiteElo "2328"]
[BlackElo "2291"]

1.d4 Nf6 2.Bg5 e6 3.e4 h6 4.Bxf6 Qxf6 5.Nc3 Bb4 6.Qd2 d5 7.e5 Qd8 8.a3 Be7
9.Bd3 c5 10.dxc5 Nd7 11.b4 Nxe5 12.f4 Nxd3+ 13.cxd3 a5 14.Qd1 d4 15.Na4 axb4
16.axb4 b5 17.Nb6 Rxa1 18.Qxa1 Bh4+ 19.Ke2 Bb7 20.Nf3 Bxf3+ 21.Kxf3 O-O 22.g3 Bf6
23.Qa7 e5 24.Qd7 Qb8 25.Ra1 Rd8 26.Qa7 e4+ 27.dxe4 Qxa7 28.Rxa7 d3 29.Rd7 Rxd7
30.Nxd7 Bd4 31.c6 g5 32.c7 g4+ 33.Kxg4 d2 34.c8=Q+ Kh7 35.Qc2  1-0

[Event "Masters"]
[Site "Abu Dhabi UAE"]
[Date "2005.08.15"]
[Round "2"]
[White "Safarli,E"]
[Black "Kotsur,P"]
[Result "1/2-1/2"]
[WhiteElo "2335"]
[BlackElo "2595"]

1.d4 Nf6 2.Bg5 e6 3.e4 h6 4.Bxf6 Qxf6 5.Nc3 Bb4 6.Ne2 c5 7.a3 Bxc3+ 8.Nxc3 Qxd4
9.Qxd4 cxd4 10.Nb5 Kd8 11.Nxd4 a6 12.a4 Ke7 13.O-O-O d6 14.Be2 g6 15.Rd2 Nd7
16.Nb3 Nf6 17.f3 Bd7 18.Na5 Rab8 19.Nc4 Bxa4 20.Nxd6 Rhd8 21.Rhd1 Bc6 22.Nc4 Rxd2
23.Rxd2 Bb5 24.Ne5 Be8 25.Rd3 a5 26.Rc3 g5 27.Rc5 b6 28.Rc6 Nd7 29.Nxd7 Kxd7
30.Rc3 Kd6 31.Rd3+ Ke5 32.Rc3 Kd6 33.Rd3+ Kc5 34.c3 Bc6 35.Rd4 f6 36.b4+ axb4
37.Rxb4 Ra8 38.Kc2 h5  1/2-1/2

[Event "14th Open"]
[Site "Kavala GRE"]
[Date "2005.08.16"]
[Round "6"]
[White "Grigorov,G"]
[Black "Pountzas,H"]
[Result "1-0"]
[WhiteElo "2400"]
[BlackElo "2258"]

1.d4 Nf6 2.Bg5 e6 3.e4 h6 4.Bxf6 Qxf6 5.c3 d6 6.Bd3 e5 7.Ne2 Nc6 8.d5 Ne7
9.O-O g5 10.Nd2 h5 11.Nc4 h4 12.Ne3 Bh6 13.f3 Ng6 14.Ng4 Qe7 15.c4 Nf4 16.Nc3 Bg7
17.Qd2 c5 18.Nd1 O-O 19.Nde3 Nh5 20.b4 b6 21.bxc5 dxc5 22.Rfb1 Rb8 23.a4 a5
24.Bc2 Rd8 25.Ra3 Rd6 26.Rab3  1-0

[Event "14th Open"]
[Site "Kavala GRE"]
[Date "2005.08.19"]
[Round "9"]
[White "Mastrovasilis,D"]
[Black "Markidis,K"]
[Result "1-0"]
[WhiteElo "2563"]
[BlackElo "2358"]

1.d4 Nf6 2.Bg5 e6 3.Nd2 d5 4.e4 dxe4 5.Nxe4 Be7 6.Bxf6 Bxf6 7.Nf3 Nd7 8.Bd3 O-O
9.Qe2 c5 10.Nxf6+ Nxf6 11.O-O-O Qa5 12.Kb1 cxd4 13.Nxd4 e5 14.Nb3 Qc7 15.Rhe1 e4
16.Bxe4 Re8 17.Qd3 Bg4 18.f3 Rad8 19.Bxh7+ Nxh7 20.Rxe8+ Rxe8 21.fxg4 Qxh2
22.Qd7 Rb8 23.Rf1 Ng5 24.Qd2 Ne4 25.Qd5 Nf6 26.Qf5 Qh7 27.Qf4 Rf8 28.Nd4 Qg6
29.Nf5 Re8 30.Qd6 Qxg4 31.Ne7+ Kf8 32.Nd5+ Kg8 33.Qxf6 Qxg2 34.Qxf7+  1-0